Ondrej Marušiak výberová personálna bibliografia pri príležitosti 80. výročia narodenia

Bibliographic Details
Corporate Author: Knižnica Gašpara Fejérpataky Belopotockého (Liptovský Mikuláš, Slovensko)
Other Authors: Salajová, Ivona, 1969- (Compiler), Michníková, Mária, 1954- (Compiler)
Format: Book
Language:Slovak
PhysicalDescription:23 s. 21 cm
Published: Liptovský Mikuláš Knižnica G. F. Belopotockého 2006
ISBN:8085702797 (brož.)
Edition:[1. vyd.]
Series:snk
Regionálna bibliografia
Subjects:

MARC

LEADER 00000nam a22000005a 4500
001 vtls008696546
003 SK-MaSNL
005 20260331204916.0
008 251029s2006 xo r 000 0 slo
015 |a SNBSAB2006-00016 
020 |a 8085702797 (brož.) 
040 |a SNK  |b slo  |c SNK  |e AACR2 
072 7 |a 82  |x Literatúra. Literárny život  |2 konspekt 
080 |a 82:929:07-051:012  |2 2001 
080 |a 929 Marušiak, Ondrej  |2 2001 
080 |a 07  |2 2001 
080 |a 012  |2 2001 
100 1 |a Salajová, Ivona,  |d 1969-  |4 com  |9 246138 
245 1 0 |a Ondrej Marušiak  |b výberová personálna bibliografia pri príležitosti 80. výročia narodenia  |c [zostavili: Ivona Salajová, Mária Michníková ; zodp. red.: Marcela Feriančeková] 
250 |a [1. vyd.] 
260 |a Liptovský Mikuláš  |b Knižnica G. F. Belopotockého  |c 2006 
300 |a 23 s.  |c 21 cm 
490 1 |a Regionálna bibliografia  |v 25. 
500 |a Usporiadanie tem.-chronolog. 48 zázn. o čl. a kn. v slov. Reg. men. a predm. 
500 |a 30 výt. 
600 1 7 |a Marušiak, Ondrej,  |d 1926-2008  |2 snkbubb  |9 90032 
655 7 |a personálne bibliografie  |2 snkph  |9 70198 
655 7 |a biografické údaje  |2 snkph  |9 289197 
655 7 |a samostatné bibliografie  |2 snkph  |9 300643 
700 1 |a Michníková, Mária,  |d 1954-  |4 com  |9 153114 
700 1 |a Feriančeková, Marcela  |4 lso  |9 266669 
710 2 |a Knižnica Gašpara Fejérpataky Belopotockého (Liptovský Mikuláš, Slovensko)  |9 164698 
830 0 |a snk  |9 591699 
830 0 |a Regionálna bibliografia  |9 266871 
919 |a 80-85702-79-7 
999 |c 910337  |d 912267 
952 |a SNK  |b SNK  |y PREZ  |7 0  |p 17A0506545  |o snkOSE 4162  |i snk2006/8760  |8 0  |0 0  |1 0  |4 0  |d 2006-04-27  |l 0  |r 2026-02-24 07:41:31  |w 2026-02-24 
952 |a SNK  |b SNK  |y VYP  |7 0  |p 17A0506546  |o snkOSE 4162 D1  |i snk2006/8761  |8 0  |0 0  |1 0  |4 0  |d 2006-04-27  |l 0  |r 2026-02-24 07:41:31  |w 2026-02-24